00289nam a2200121Ia 4500008004100000041000900041082001800050100002300068245002100091260003900112300000800151650000800159230718s9999 xx 000 0 und d aEng. a346.02bKAM-A aKamal, Asmat Kchan 0aAqua tae Controa aPakistanbLaw Book Publishedc2005 a287 aLaw